[Event "KUP CENTRALNE SRBIJE"]
[Site "Kragujevac"]
[Date "2016.04.23"]
[Round "5.1"]
[White "Irizanin, Radoje"]
[Black "Maksimovic, Branimir"]
[Result "1/2-1/2"]
[WhiteElo "2280"]
[BlackElo "2330"]
[PlyCount "22"]
[EventDate "2016.04.20"]

1. d4 Nf6 2. Nf3 d6 3. Nbd2 g6 4. e4 Bg7 5. Be2 O-O 6. O-O Nbd7 7. Re1 e5 8. c3
b6 9. Bf1 Bb7 10. dxe5 dxe5 11. Qc2 a5 1/2-1/2

[Event "KUP CENTRALNE SRBIJE"]
[Site "Kragujevac"]
[Date "2016.04.23"]
[Round "5.1"]
[White "Panic, Nenad"]
[Black "Mirkovic, Stevan"]
[Result "1/2-1/2"]
[WhiteElo "2352"]
[BlackElo "2333"]
[PlyCount "26"]
[EventDate "2016.04.20"]

1. d4 Nf6 2. Bf4 g6 3. Nf3 Bg7 4. Nbd2 O-O 5. e4 d6 6. Bc4 c5 7. dxc5 dxc5 8.
O-O Nc6 9. c3 b6 10. a4 Bb7 11. Qe2 Qc8 12. Rfd1 Nh5 13. Be3 Na5 1/2-1/2

[Event "KUP CENTRALNE SRBIJE"]
[Site "Kragujevac"]
[Date "2016.04.23"]
[Round "5.1"]
[White "Smolovic, Mile"]
[Black "Ilic, Dragan M"]
[Result "1/2-1/2"]
[WhiteElo "2283"]
[BlackElo "2333"]
[PlyCount "25"]
[EventDate "2016.04.20"]

1. e4 e6 2. d4 d5 3. Nd2 Nc6 4. Ngf3 Nf6 5. e5 Nd7 6. Be2 f6 7. exf6 Qxf6 8.
Nf1 Bd6 9. Ne3 O-O 10. O-O Qg6 11. b3 b6 12. c4 Nf6 13. Bb2 1/2-1/2

[Event "KUP CENTRALNE SRBIJE"]
[Site "Kragujevac"]
[Date "2016.04.23"]
[Round "5.2"]
[White "Tosic, Miroslav"]
[Black "Djordjevic, Vuk"]
[Result "1/2-1/2"]
[WhiteElo "2418"]
[BlackElo "2410"]
[PlyCount "68"]
[EventDate "2016.04.20"]

1. Nf3 d5 2. d4 e6 3. Nc3 Bb4 4. Qd3 Ne7 5. a3 Bxc3+ 6. Qxc3 Nd7 7. Bf4 c6 8.
e3 Nf6 9. Bd3 Ne4 10. Qb4 a5 11. Qb3 Nd6 12. O-O O-O 13. Bxd6 Qxd6 14. e4 dxe4
15. Bxe4 Nd5 16. c4 Nf6 17. c5 Qc7 18. Bd3 Rd8 19. Rfe1 Rb8 20. Qc2 h6 21. b4
b6 22. Bc4 Ra8 23. Qe2 Nd5 24. Rec1 Ne7 25. Bd3 Nd5 26. Qe4 Nf6 27. Qe2 Nd5 28.
Qe4 Nf6 29. Qe1 Ba6 30. cxb6 Qxb6 31. bxa5 Qc7 32. Bxa6 Rxa6 33. Rc5 Nd7 34.
Rc4 Rda8 1/2-1/2

[Event "KUP CENTRALNE SRBIJE"]
[Site "Kragujevac"]
[Date "2016.04.23"]
[Round "5.2"]
[White "Dezelin, Milan"]
[Black "Batanjac, Aleksandar"]
[Result "1-0"]
[WhiteElo "2262"]
[BlackElo "2163"]
[PlyCount "47"]
[EventDate "2016.04.20"]

1. d4 e6 2. c4 b6 3. Nc3 Bb4 4. Qb3 Nc6 5. Nf3 d5 6. e3 Nge7 7. Bd2 O-O 8. Rc1
Bb7 9. cxd5 exd5 10. Bd3 Qd6 11. O-O a5 12. Nb5 Qd7 13. Bxb4 axb4 14. Ne5 Nxe5
15. Rxc7 Nf3+ 16. gxf3 Qh3 17. Rxb7 Qxf3 18. Qd1 Qf6 19. Qh5 g6 20. Qe5 Qh4 21.
Rxe7 Rxa2 22. Nc7 Rxb2 23. Nxd5 Qg4+ 24. Qg3 1-0

[Event "KUP CENTRALNE SRBIJE"]
[Site "Kragujevac"]
[Date "2016.04.23"]
[Round "5.2"]
[White "Minic, Ivan"]
[Black "Brankovic, Dejan"]
[Result "1/2-1/2"]
[WhiteElo "2134"]
[BlackElo "2352"]
[PlyCount "37"]
[EventDate "2016.04.20"]

1. d4 Nf6 2. Nf3 g6 3. g3 Bg7 4. Bg2 c5 5. c3 Qb6 6. O-O O-O 7. Nbd2 d5 8. dxc5
Qxc5 9. Nb3 Qb6 10. Be3 Qa6 11. Ne5 Nc6 12. Nd3 b6 13. Nd4 Nxd4 14. Bxd4 e6 15.
Qb3 Bd7 16. Rfe1 Rac8 17. a4 Rfd8 18. a5 b5 19. Nc5 1/2-1/2

[Event "KUP CENTRALNE SRBIJE"]
[Site "Kragujevac"]
[Date "2016.04.23"]
[Round "5.2"]
[White "Mladenovic, Stefan"]
[Black "Marinkovic, Vojkan"]
[Result "1-0"]
[WhiteElo "2329"]
[BlackElo "2009"]
[PlyCount "87"]
[EventDate "2016.04.20"]

1. d4 e6 2. Nf3 f5 3. g3 b6 4. Bg2 Bb7 5. O-O Nf6 6. c4 Be7 7. Nc3 O-O 8. d5
Qc8 9. Nd4 c5 10. Nc2 e5 11. e4 fxe4 12. Nxe4 Nxe4 13. Bxe4 Bf6 14. Ne3 g6 15.
h4 d6 16. h5 g5 17. Ng4 Qd8 18. Qd3 Rf7 19. Nh6+ Kf8 20. Nxf7 Kxf7 21. Bxh7 Ke8
22. Bf5 Qe7 23. Be6 Kd8 24. h6 Nd7 25. h7 Kc7 26. Qf5 Nf8 27. Bxg5 Nxh7 28.
Bxf6 Nxf6 29. Rae1 Rh8 30. f4 Qg7 31. Kg2 Rh5 32. Qd3 exf4 33. Rxf4 Qh6 34. Qf3
Rh2+ 35. Kg1 Nh7 36. Rf7+ Kb8 37. Rxb7+ Kxb7 38. Qf7+ Ka6 39. Bc8+ Ka5 40.
Qxa7+ Kb4 41. Qa3+ Kxc4 42. Qb3+ Kd4 43. Qc3+ Kxd5 44. Bb7# 1-0

[Event "KUP CENTRALNE SRBIJE"]
[Site "Kragujevac"]
[Date "2016.04.23"]
[Round "5.3"]
[White "Vasic, Vladimir"]
[Black "Ostojic, Nikola"]
[Result "1/2-1/2"]
[WhiteElo "2173"]
[BlackElo "2434"]
[PlyCount "35"]
[EventDate "2016.04.20"]

1. e4 d5 2. exd5 Qxd5 3. Nc3 Qd6 4. d4 Nf6 5. Nf3 a6 6. Bd3 Nc6 7. h3 Nb4 8.
Bc4 Be6 9. Bxe6 Qxe6+ 10. Be3 Nbd5 11. Nxd5 Nxd5 12. Qe2 g6 13. O-O Bh6 14.
Rfe1 Nxe3 15. fxe3 O-O 16. c3 c5 17. Ne5 b6 18. Qg4 1/2-1/2

[Event "KUP CENTRALNE SRBIJE"]
[Site "Kragujevac"]
[Date "2016.04.23"]
[Round "5.3"]
[White "Nestorovic, Lazar"]
[Black "Dimitrijevic, Milorad"]
[Result "1-0"]
[WhiteElo "2355"]
[BlackElo "2113"]
[PlyCount "153"]
[EventDate "2016.04.20"]

1. e4 e5 2. Nf3 Nc6 3. Bb5 a6 4. Ba4 Nf6 5. d3 b5 6. Bb3 Bc5 7. c3 O-O 8. O-O
d6 9. h3 h6 10. Re1 Re8 11. Nbd2 Bb6 12. Nf1 Na5 13. Bc2 c5 14. Ng3 Nc6 15. a4
b4 16. Nd2 Be6 17. Ndf1 Qd7 18. Qf3 Nh7 19. Nh5 Kh8 20. Bd2 a5 21. Ne3 Rg8 22.
Nd5 Bd8 23. Bb3 f6 24. Bc4 Qf7 25. Ng3 Ne7 26. Nxe7 Bxe7 27. Bxe6 Qxe6 28. Nf5
Qf7 29. d4 Rgc8 30. dxc5 dxc5 31. Be3 Nf8 32. Red1 Rc7 33. h4 Nd7 34. h5 Nb6
35. Nh4 Qe6 36. Qf5 Qxf5 37. Nxf5 Bf8 38. b3 bxc3 39. Rac1 Rd7 40. Rxd7 Nxd7
41. Rxc3 Kg8 42. Bd2 Kf7 43. Ne3 Nb6 44. Rc2 Ke6 45. Kf1 Kd6 46. Ke2 Ra7 47. g3
Kc6 48. f4 Bd6 49. Kf3 Kd7 50. Nf5 Ke6 51. Be3 Rc7 52. Rd2 Nc8 53. Rd5 Bf8 54.
fxe5 fxe5 55. Rxe5+ Kf6 56. Re8 Kf7 57. Rd8 Be7 58. Rd5 Bf8 59. Bd2 Rb7 60. Rd3
Ra7 61. e5 Nb6 62. Rd8 Be7 63. Nxe7 Kxe7 64. Rd6 Nd7 65. Kf4 Rb7 66. Rg6 Kf8
67. Bxa5 Rxb3 68. Rc6 Ke7 69. Bc7 Rb4+ 70. Kf5 Rxa4 71. Bd6+ Kd8 72. Ke6 Ra8
73. Kf7 Nb8 74. Bxb8 Rxb8 75. e6 Rb7+ 76. Kf8 c4 77. Rxc4 1-0

[Event "KUP CENTRALNE SRBIJE"]
[Site "Kragujevac"]
[Date "2016.04.23"]
[Round "5.3"]
[White "Jelisavcic, Srdjan"]
[Black "Rajkovic, Mladen"]
[Result "0-1"]
[WhiteElo "2089"]
[BlackElo "2320"]
[PlyCount "71"]
[EventDate "2016.04.20"]

1. e4 c5 2. d4 cxd4 3. Qxd4 Nc6 4. Qe3 Nf6 5. Nc3 d5 6. exd5 Nxd5 7. Nxd5 Qxd5
8. c4 Qd6 9. Bd2 Bg4 10. Bc3 O-O-O 11. Be2 Bxe2 12. Nxe2 e5 13. O-O Be7 14. Ng3
Qd3 15. Qxd3 Rxd3 16. Nf5 Bf6 17. Rfd1 Rhd8 18. Rxd3 Rxd3 19. Kf1 g6 20. Ne3
Bd8 21. Rd1 Rxd1+ 22. Nxd1 Kd7 23. Ne3 Kd6 24. Ke2 Kc5 25. b3 f5 26. Nc2 Nd4+
27. Kd1 h5 28. Bb4+ Kc6 29. Ba3 Kd7 30. Bc5 Nc6 31. f4 Ke6 32. fxe5 Kxe5 33.
Bf8 f4 34. Bg7+ Kf5 35. Ke2 g5 36. Bh6 0-1

[Event "KUP CENTRALNE SRBIJE"]
[Site "Kragujevac"]
[Date "2016.04.23"]
[Round "5.3"]
[White "Zivkovic, Dejan"]
[Black "Ilic, Milenko"]
[Result "1-0"]
[WhiteElo "2304"]
[BlackElo "1854"]
[PlyCount "63"]
[EventDate "2016.04.20"]

1. d4 Nf6 2. Nf3 d5 3. Bg5 c6 4. Bxf6 exf6 5. e3 Qb6 6. Qc1 Bd6 7. c4 dxc4 8.
Bxc4 O-O 9. O-O Bg4 10. Nfd2 Nd7 11. Nc3 Rac8 12. Qc2 Bb8 13. Bd3 h6 14. f4
Rfe8 15. Rae1 Nf8 16. f5 Bh5 17. Nde4 Re7 18. Qf2 Bg4 19. Qh4 Bxf5 20. Rxf5
Qxb2 21. Rf2 Qa3 22. Qg4 Rd8 23. Bc2 Kh8 24. Ref1 b5 25. Rf3 b4 26. Nb1 Qxa2
27. Bd3 Qe6 28. Nxf6 gxf6 29. Bf5 Qxe3+ 30. Rxe3 Rxe3 31. Nd2 c5 32. Qh4 1-0

[Event "KUP CENTRALNE SRBIJE"]
[Site "Kragujevac"]
[Date "2016.04.23"]
[Round "5.4"]
[White "Markovic, Slavoljub"]
[Black "Bjelanovic, Mile"]
[Result "1/2-1/2"]
[WhiteElo "2197"]
[BlackElo "1895"]
[PlyCount "66"]
[EventDate "2016.04.20"]

1. e4 e6 2. d4 d5 3. exd5 exd5 4. Bd3 Bd6 5. Qf3 Be6 6. Ne2 Qf6 7. Bf4 Bxf4 8.
Qxf4 Qxf4 9. Nxf4 Nf6 10. O-O O-O 11. Re1 Bd7 12. Nc3 c6 13. a4 a5 14. Nb1 Na6
15. c3 Rfe8 16. Nd2 Nc7 17. f3 Kf8 18. Rxe8+ Rxe8 19. Kf2 Ne6 20. Nxe6+ Bxe6
21. b4 Ra8 22. bxa5 Rxa5 23. Nb3 Ra7 24. a5 Nd7 25. Nc5 b6 26. Nxe6+ fxe6 27.
Bxh7 Rxa5 28. Rxa5 bxa5 29. Bb1 Ke7 30. f4 Nf6 31. Ke2 Ne4 32. Kd3 Kd6 33. Ba2
Nf2+ 1/2-1/2

[Event "KUP CENTRALNE SRBIJE"]
[Site "Kragujevac"]
[Date "2016.04.23"]
[Round "5.4"]
[White "Markovic, Predrag M"]
[Black "Petrovic, Dejan"]
[Result "0-1"]
[WhiteElo "1808"]
[BlackElo "1941"]
[PlyCount "44"]
[EventDate "2016.04.20"]

1. e4 b6 2. Nc3 Bb7 3. f4 e6 4. Nf3 Nf6 5. e5 Nd5 6. Nxd5 Bxd5 7. c4 Bb7 8. d4
d5 9. Bd3 dxc4 10. Bxc4 Be7 11. Bb5+ c6 12. Bd3 c5 13. O-O O-O 14. Ng5 Qxd4+
15. Kh1 Bxg5 16. fxg5 Qxe5 17. Qc2 g6 18. b3 Nc6 19. Bf4 Qd4 20. Rad1 Nb4 21.
Qe2 Nxd3 22. Rxd3 Ba6 0-1

[Event "KUP CENTRALNE SRBIJE"]
[Site "Kragujevac"]
[Date "2016.04.23"]
[Round "5.4"]
[White "Jakovljevic, Nenad"]
[Black "Ugljesic, Nemanja"]
[Result "1-0"]
[WhiteElo "2113"]
[BlackElo "1627"]
[PlyCount "47"]
[EventDate "2016.04.20"]

1. e4 c6 2. d4 d5 3. Nd2 dxe4 4. Nxe4 Bf5 5. Ng3 Bg6 6. Bc4 Nf6 7. N1e2 h6 8.
O-O e6 9. f4 Nbd7 10. f5 exf5 11. Nxf5 Bxf5 12. Rxf5 Bd6 13. Ng3 O-O 14. Nh5
Re8 15. Bd2 Qe7 16. Qf3 Kh7 17. Bd3 Kg8 18. Nxf6+ Nxf6 19. Bxh6 gxh6 20. Rxf6
Qe3+ 21. Qxe3 Bxh2+ 22. Kf2 Rxe3 23. Kxe3 Kg7 24. Rf3 1-0

[Event "KUP CENTRALNE SRBIJE"]
[Site "Kragujevac"]
[Date "2016.04.23"]
[Round "5.4"]
[White "Petrovic, Miroljub"]
[Black "Mimovic, Predrag"]
[Result "1/2-1/2"]
[WhiteElo "1701"]
[BlackElo "1993"]
[PlyCount "154"]
[EventDate "2016.04.20"]

1. e4 d6 2. d4 Nf6 3. Nc3 g6 4. Bg5 Bg7 5. h4 c6 6. Nf3 Qa5 7. Bxf6 Bxf6 8. Qd2
h5 9. Bc4 Bg4 10. Ne2 Qxd2+ 11. Kxd2 Bxf3 12. gxf3 Bg7 13. c3 Bh6+ 14. Kc2 Nd7
15. f4 Nf6 16. e5 dxe5 17. fxe5 Nd5 18. Bxd5 cxd5 19. f4 e6 20. Kd3 Rc8 21. b3
Kd7 22. c4 b6 23. cxd5 exd5 24. Rac1 Rxc1 25. Rxc1 a6 26. Ke3 Bf8 27. Nc3 Ba3
28. Rc2 Rc8 29. Kd3 Ke6 30. Na4 Rxc2 31. Kxc2 Be7 32. Nxb6 Bxh4 33. Na4 Be7 34.
Kd3 Kd7 35. Nc3 Kc6 36. Ke3 Bb4 37. Ne2 Be1 38. Ng1 Bh4 39. Nf3 Be7 40. f5 gxf5
41. Kf4 Kd7 42. Kxf5 a5 43. Ng5 h4 44. Nh3 Kc6 45. a4 Bd8 46. e6 fxe6+ 47. Kxe6
Bb6 48. Ke5 Bc7+ 49. Kf5 Bg3 50. Kg4 Kd6 51. Ng5 Bf2 52. Nf3 Ke6 53. Ng5+ Kf6
54. Nf3 h3 55. Kxh3 Kf5 56. Kg2 Be3 57. Kf1 Ke4 58. Ke2 Bxd4 59. Nd2+ Kf4 60.
Kd3 Bc5 61. Nb1 Ke5 62. Nc3 Kd6 63. Ne2 Kc6 64. Nf4 Bd6 65. Ne6 Be5 66. Nd8+
Kc5 67. Nb7+ Kb4 68. Kc2 Bc7 69. Kd3 Bb6 70. Kc2 d4 71. Kd3 Bc5 72. Kc2 Be7 73.
Kd3 Bf6 74. Kc2 Be7 75. Kd3 Bc5 76. Kc2 Bb6 77. Kd3 Ka3 1/2-1/2

[Event "KUP CENTRALNE SRBIJE"]
[Site "Kragujevac"]
[Date "2016.04.23"]
[Round "5.5"]
[White "Mrsevic, Miroslav"]
[Black "Mircic, Ivan"]
[Result "1-0"]
[WhiteElo "2221"]
[BlackElo "2242"]
[PlyCount "51"]
[EventDate "2016.04.20"]

1. e4 c5 2. d3 Nc6 3. g3 e6 4. Bg2 Nf6 5. Nf3 d5 6. Nbd2 Qc7 7. O-O Be7 8. Re1
dxe4 9. dxe4 e5 10. c3 O-O 11. Nh4 Re8 12. Nf5 Be6 13. Qf3 Bxf5 14. exf5 Rad8
15. g4 h6 16. Qg3 Rd7 17. h4 Nh7 18. Ne4 Qd8 19. g5 hxg5 20. hxg5 Rd3 21. Qg4
g6 22. Bf1 gxf5 23. Qxf5 Rd1 24. Rxd1 Qxd1 25. g6 f6 26. Qe6+ 1-0

[Event "KUP CENTRALNE SRBIJE"]
[Site "Kragujevac"]
[Date "2016.04.23"]
[Round "5.5"]
[White "Ugrenovic, Bozidar"]
[Black "Kahrovic, Mersid"]
[Result "1-0"]
[WhiteElo "2192"]
[BlackElo "2301"]
[PlyCount "89"]
[EventDate "2016.04.20"]

1. Nf3 c5 2. c4 g6 3. d4 cxd4 4. Nxd4 Bg7 5. e4 d6 6. Nc3 Nf6 7. Be2 O-O 8. Be3
Nc6 9. O-O Bd7 10. Qd2 Re8 11. Rfd1 Qc8 12. f3 h5 13. Rac1 Kh7 14. Ndb5 a6 15.
Na3 Be6 16. Nd5 Nd7 17. Nb1 f5 18. Nbc3 Nce5 19. b3 Rb8 20. Nf4 Nf6 21. exf5
Bxf5 22. Ncd5 Nf7 23. Ba7 Ra8 24. Be3 Rb8 25. Nb6 Qc6 26. Bd3 e6 27. Be2 Bh6
28. Na4 Rbd8 29. Nc3 g5 30. Nd3 Rg8 31. Nf2 g4 32. fxg4 hxg4 33. Nh1 Rg6 34.
Ng3 Bxe3+ 35. Qxe3 Re8 36. Rf1 Nh6 37. Rf2 Qc7 38. Bd3 Qa5 39. Qd2 Qc5 40. Re1
Bxd3 41. Qxd3 d5 42. cxd5 Nhg8 43. dxe6 Ne7 44. Nce4 Nxe4 45. Nxe4 1-0

[Event "KUP CENTRALNE SRBIJE"]
[Site "Kragujevac"]
[Date "2016.04.23"]
[Round "5.5"]
[White "Musovic, Sabrija"]
[Black "Trpkovic, Miroljub"]
[Result "1/2-1/2"]
[WhiteElo "2011"]
[BlackElo "1923"]
[PlyCount "66"]
[EventDate "2016.04.20"]

1. e4 c5 2. Nf3 Nc6 3. Nc3 e6 4. d4 cxd4 5. Nxd4 a6 6. Be3 Nf6 7. Nxc6 bxc6 8.
e5 Nd5 9. Nxd5 cxd5 10. Qd2 Qc7 11. Bd4 Be7 12. c3 Rb8 13. b4 O-O 14. Bd3 d6
15. f4 f6 16. exf6 Bxf6 17. Bxf6 Rxf6 18. O-O Bb7 19. a4 Rbf8 20. Rac1 e5 21.
fxe5 dxe5 22. Rxf6 Rxf6 23. Qe3 g6 24. b5 axb5 25. axb5 Rf4 26. g3 Rf7 27. Bf1
Qd6 28. Re1 Rf5 29. Bh3 d4 30. Qd2 Qd5 31. Bg2 Qxg2+ 32. Qxg2 Bxg2 33. Kxg2
dxc3 1/2-1/2

[Event "KUP CENTRALNE SRBIJE"]
[Site "Kragujevac"]
[Date "2016.04.23"]
[Round "5.5"]
[White "Rancic, Zoran"]
[Black "Brajovic, Miroljub"]
[Result "1-0"]
[WhiteElo "2203"]
[BlackElo "2087"]
[PlyCount "103"]
[EventDate "2016.04.20"]

1. d4 Nf6 2. c4 d5 3. Nc3 c5 4. e3 Nc6 5. Nf3 Bg4 6. cxd5 Nxd5 7. Bc4 e6 8.
Nxd5 exd5 9. Be2 c4 10. O-O Be7 11. Bd2 b5 12. a3 O-O 13. Ne5 Bxe2 14. Qxe2 Qc7
15. Nxc6 Qxc6 16. Bb4 Rfe8 17. Qd2 Bd8 18. a4 a5 19. axb5 Qxb5 20. Ra2 Bc7 21.
Rfa1 a4 22. Bc5 Ra6 23. g3 Rea8 24. Qc2 h6 25. e4 dxe4 26. Qxe4 Bb6 27. Qb7 Re8
28. h4 Re6 29. Ra3 Ra5 30. Rf3 Qe8 31. Bxb6 Rb5 32. Qc7 Rc6 33. Qd8 Qxd8 34.
Bxd8 Rxb2 35. Rc3 Rb3 36. Rcc1 c3 37. Ba5 Rc4 38. d5 c2 39. d6 Rd3 40. Bc7 f6
41. Kg2 Kf7 42. Ra2 Rd2 43. Rcxc2 Rcxc2 44. Rxc2 Rxc2 45. d7 Rd2 46. d8=Q Rxd8
47. Bxd8 Ke6 48. Ba5 a3 49. Bc3 a2 50. Kf3 h5 51. Kf4 g6 52. f3 1-0

[Event "KUP CENTRALNE SRBIJE"]
[Site "Kragujevac"]
[Date "2016.04.23"]
[Round "5.6"]
[White "Gajic, Nikola M"]
[Black "Dragasevic, Dragan"]
[Result "0-1"]
[WhiteElo "2008"]
[BlackElo "2229"]
[PlyCount "142"]
[EventDate "2016.04.20"]

1. e4 d6 2. Nf3 Nf6 3. Nc3 g6 4. d4 Bg7 5. h3 O-O 6. Be3 c6 7. Bd3 Nbd7 8. Qd2
Re8 9. O-O e5 10. dxe5 dxe5 11. Rad1 Nf8 12. a4 Qc7 13. Ng5 h6 14. Nf3 Kh7 15.
b4 Ne6 16. Rb1 Nh5 17. g3 Nd4 18. Bxd4 exd4 19. Ne2 Bxh3 20. Rfe1 Rad8 21. Kh2
Be6 22. Rh1 b6 23. Kg2 Kg8 24. Rh4 Qc8 25. Nf4 Nf6 26. Nxe6 Qxe6 27. e5 Ng4 28.
Re1 h5 29. Qe2 Qe7 30. e6 f5 31. b5 c5 32. Bc4 Bf6 33. Rhh1 Kg7 34. Rh3 Qb7 35.
Kg1 Qa8 36. Bb3 Qb7 37. Bc4 Rc8 38. Qd3 Rcd8 39. Qe2 Qa8 40. Qd3 Re7 41. Qe2
Rh8 42. Bb3 Rd8 43. Bc4 Ree8 44. Qd3 Qb7 45. Qe2 Nh6 46. Ne5 Qc7 47. Nc6 Rd6
48. f3 Ng8 49. Kg2 Nh6 50. Kg1 Nf7 51. Kg2 Ng5 52. Rhh1 Nxe6 53. Bxe6 Rdxe6 54.
Qxe6 Rxe6 55. Rxe6 h4 56. gxh4 Qf4 57. h5 gxh5 58. Re2 h4 59. Rg1 Kf7 60. Rf1
Qg3+ 61. Kh1 h3 62. Nxa7 c4 63. Nc6 d3 64. cxd3 cxd3 65. Ref2 Bc3 66. f4 d2 67.
Ne5+ Bxe5 68. Rxd2 Bxf4 69. Rdf2 Qg8 70. Rc2 Qa8+ 71. Rc6 Qxa4 0-1

[Event "KUP CENTRALNE SRBIJE"]
[Site "Kragujevac"]
[Date "2016.04.23"]
[Round "5.6"]
[White "Matovic, Milovan"]
[Black "Cabarkapa, Mijomir"]
[Result "0-1"]
[WhiteElo "1934"]
[BlackElo "2180"]
[PlyCount "80"]
[EventDate "2016.04.20"]

1. e4 e6 2. c4 c5 3. Nf3 Nc6 4. d4 cxd4 5. Nxd4 Bc5 6. Nxc6 Qf6 7. Qc2 dxc6 8.
Bd3 e5 9. a3 Qg6 10. Kf1 Be6 11. b4 Bd4 12. Nc3 Ne7 13. Rb1 Qf6 14. Nd1 Ng6 15.
Be2 O-O 16. Rb3 Qe7 17. Bd3 b5 18. Ne3 Bxe3 19. Bxe3 Rfd8 20. Be2 bxc4 21. Rb1
Rd7 22. h3 Rad8 23. Kg1 Qf6 24. Qc1 h6 25. g3 Rd3 26. Bxa7 Nf4 27. gxf4 Qg6+
28. Kf1 Qxe4 29. Rh2 Rxh3 30. f3 Rxf3+ 31. Bxf3 Qxf3+ 32. Bf2 Bf5 33. Ra1 exf4
34. Qe1 Rd6 35. Qe8+ Kh7 36. Qxf7 Bd3+ 37. Kg1 Rg6+ 38. Qxg6+ Bxg6 39. Bd4 Be4
40. Bf2 c3 0-1

[Event "KUP CENTRALNE SRBIJE"]
[Site "Kragujevac"]
[Date "2016.04.23"]
[Round "5.6"]
[White "Jocovic, Slobodan"]
[Black "Simic, Sasa"]
[Result "1/2-1/2"]
[WhiteElo "2087"]
[BlackElo "1700"]
[PlyCount "43"]
[EventDate "2016.04.20"]

1. d4 Nf6 2. Bg5 Ne4 3. Bf4 d5 4. Nd2 Nxd2 5. Qxd2 Bf5 6. Nf3 e6 7. e3 Bd6 8.
Bg3 O-O 9. Bd3 Bxd3 10. Qxd3 Nd7 11. O-O-O Nf6 12. Bh4 Be7 13. Bxf6 Bxf6 14. g4
c5 15. h4 c4 16. Qd2 a5 17. g5 Be7 18. Ne5 b5 19. f4 Qc7 20. Kb1 b4 21. c3 bxc3
22. bxc3 1/2-1/2

[Event "KUP CENTRALNE SRBIJE"]
[Site "Kragujevac"]
[Date "2016.04.23"]
[Round "5.7"]
[White "Savic, Bratislav"]
[Black "Blagojevic, Nebojsa"]
[Result "0-1"]
[WhiteElo "1932"]
[BlackElo "2224"]
[PlyCount "99"]
[EventDate "2016.04.20"]

1. e4 c5 2. Nc3 Nc6 3. d3 d6 4. g3 g6 5. Bg2 Bg7 6. h3 Nf6 7. f4 e6 8. Nf3 O-O
9. g4 d5 10. e5 Ne8 11. g5 Nc7 12. h4 b5 13. h5 Re8 14. a4 b4 15. Ne2 Bb7 16.
Ng3 Ne7 17. Nh2 Nf5 18. Qg4 Rb8 19. Qh3 Nxg3 20. Qxg3 d4 21. Ng4 Bxg2 22. Qxg2
Nd5 23. Nf6+ Nxf6 24. gxf6 Bf8 25. b3 c4 26. hxg6 fxg6 27. f7+ Kxf7 28. Rxh7+
Bg7 29. bxc4 b3 30. Rb1 bxc2 31. Qxc2 Kg8 32. Rh2 Qa5+ 33. Rd2 Bh6 34. Rb5 Rxb5
35. cxb5 Bxf4 36. Ke2 Bxd2 37. Bxd2 Qd8 38. Qc5 Qd5 39. Bb4 Qd7 40. Kf3 Qf7+
41. Ke2 Qf4 42. Qc6 Qxe5+ 43. Qe4 Qh2+ 44. Kf1 Qh3+ 45. Ke2 Qh5+ 46. Kd2 Qh2+
47. Ke1 Qg1+ 48. Ke2 Qe3+ 49. Qxe3 dxe3 50. Kxe3 0-1

[Event "KUP CENTRALNE SRBIJE"]
[Site "Kragujevac"]
[Date "2016.04.23"]
[Round "5.7"]
[White "Mitrovic, Marjan"]
[Black "Radosavljevic, Milan M"]
[Result "1-0"]
[WhiteElo "2143"]
[BlackElo "1819"]
[PlyCount "51"]
[EventDate "2016.04.20"]

1. c4 e6 2. Nf3 Nf6 3. g3 c5 4. Bg2 Nc6 5. O-O Be7 6. d4 d5 7. Nc3 O-O 8. cxd5
exd5 9. dxc5 Bxc5 10. Bg5 Be6 11. Rc1 Be7 12. Nd4 Nxd4 13. Qxd4 h6 14. Bf4 a6
15. Na4 Bd6 16. Bxd6 Qxd6 17. e4 Qe7 18. Nb6 Rad8 19. Nxd5 Bxd5 20. exd5 Rd6
21. Rc5 Rfd8 22. Rfc1 b6 23. Rc8 Qd7 24. Rxd8+ Qxd8 25. Qe5 Ng4 26. Qf5 1-0

[Event "KUP CENTRALNE SRBIJE"]
[Site "Kragujevac"]
[Date "2016.04.23"]
[Round "5.7"]
[White "Milanovic, Tomislav"]
[Black "Djoric, Hadzi Goran"]
[Result "0-1"]
[WhiteElo "1872"]
[BlackElo "2126"]
[PlyCount "133"]
[EventDate "2016.04.20"]

1. d4 Nf6 2. c4 g6 3. Nc3 Bg7 4. Nf3 d6 5. e3 O-O 6. Be2 a5 7. O-O Na6 8. Rb1
Bd7 9. a3 c5 10. d5 Rb8 11. b3 Nc7 12. a4 Na6 13. Bb2 Nb4 14. e4 Qc7 15. Ne1
Rbd8 16. Bf3 e5 17. Nc2 Nxc2 18. Qxc2 Ne8 19. Bc1 f5 20. Qe2 Nf6 21. Bg5 Rf7
22. g3 Rdf8 23. Nb5 Qb8 24. Bg2 Nxe4 25. Bxe4 fxe4 26. Rbe1 Bh3 27. Qxe4 Bxf1
28. Rxf1 Re8 29. Bd2 b6 30. Nc3 Ref8 31. Qg4 Qe8 32. Ne4 Qd7 33. Qxd7 Rxd7 34.
Kg2 h6 35. h4 Re8 36. Be3 Rf8 37. Re1 Rff7 38. Rf1 Bf8 39. Re1 Kg7 40. Rh1 Rd8
41. Re1 Be7 42. Rh1 Rf5 43. g4 Rf7 44. Rh2 Rh8 45. Rh1 Rhf8 46. Rh3 Rh8 47. Rh1
Kf8 48. Rh2 Ke8 49. Rh1 Kd7 50. Rh2 Bf8 51. Rh1 Bg7 52. Rh2 Rhf8 53. Rh3 Ke7
54. Bd2 h5 55. g5 Rf5 56. Bc1 Ra8 57. Rd3 Raf8 58. Be3 Rc8 59. Rc3 Rc7 60. Rc1
Bf8 61. Rc2 Kd7 62. Rc1 Be7 63. Rc2 Rc8 64. Bd2 Rcf8 65. Rc1 Rc8 66. Rh1 Bd8
67. Be3 0-1

[Event "KUP CENTRALNE SRBIJE"]
[Site "Kragujevac"]
[Date "2016.04.23"]
[Round "5.7"]
[White "Knezevic, Milija"]
[Black "Stojanovic, Vladimir M"]
[Result "0-1"]
[WhiteElo "1757"]
[BlackElo "1859"]
[PlyCount "106"]
[EventDate "2016.04.20"]

1. e4 d6 2. Bc4 Nf6 3. d3 e6 4. h3 d5 5. exd5 exd5 6. Bb3 c6 7. Nf3 Bd6 8. O-O
O-O 9. Bg5 h6 10. Bh4 Nbd7 11. a3 Ne5 12. Nxe5 Bxe5 13. d4 Bd6 14. c3 g5 15.
Bg3 Ne4 16. Bxd6 Qxd6 17. Nd2 Bf5 18. Bc2 Nxd2 19. Qxd2 Bxc2 20. Qxc2 f5 21.
Rae1 f4 22. f3 Rae8 23. Re2 Re6 24. Rfe1 Rfe8 25. Rxe6 Rxe6 26. Rxe6 Qxe6 27.
Qd2 Kg7 28. Kf2 Kf6 29. Qd3 Qf5 30. Qe2 Kf7 31. Kf1 a5 32. Kf2 a4 33. Kf1 b5
34. Kf2 Qb1 35. Qd2 Ke7 36. Qe2+ Kd7 37. Qd2 Kc7 38. Qe2 Kb6 39. Qd2 Ka6 40.
Qe2 Qc1 41. g3 fxg3+ 42. Kxg3 Qg1+ 43. Qg2 Qxg2+ 44. Kxg2 b4 45. Kf2 Kb5 46.
Ke2 Kc4 47. cxb4 Kb3 48. Kd2 Kxb2 49. Kd3 Kxa3 50. Kc3 Ka2 51. Kc2 a3 52. h4
gxh4 53. f4 h3 0-1